Fundamentals of Accounting for Professional Education Examination of ICAI course (Record no. 1483)

MARC details
000 -LEADER
fixed length control field 00494nam a2200145 4500
020 ## - INTERNATIONAL STANDARD BOOK NUMBER
ISBN 8125913769
050 ## - CALL NUMBER
Classification number HF 5635
Item number MAH
100 ## - AUTHOR
Personal name Maheshwari S N
111 ## - AUTHOR
AUTHOR Maheshwari S K
245 ## - TITLE
Title Fundamentals of Accounting for Professional Education Examination of ICAI course
260 ## - PUBLICATION INFORMATION
Place of publication New Delhi
Name of publisher Vikas Publishing House
Year of publication 2004
300 ## - DESCRIPTION
Number of Pages xvi, 4.116
505 ## - FORMATTED CONTENTS NOTE
Table of Content Accounting principles and processes<br/>Special Accounting Problems<br/>Partnership Accounts<br/>Suggested Answers
942 ## - ADDED ENTRY ELEMENTS (KOHA)
Koha item type Books
Holdings
Withdrawn status Lost status Collection code Home library Current library Shelving location Date acquired Full call number Accession Number Koha item type
    Reference Methodist University Library Main Methodist University Library Main General Stacks 01/10/2004 HF 5635 MAH 24933 Books
Copyright © 2026  MUG Library